Cajétan (Thomas de Vio) - Statistiques

Statistiques générales
  • Ce quiz a été pris 13 fois
  • Le résultat moyen est 13 sur 16
Statistiques - réponses
Informations Réponses % Correct
Prénom en Latin Caietanus
100%
Ville de naissance Gaète
100%
Nationalité Italien
100%
Connu pour ses disputes avec... Luther
100%
Fervent défenseur de l'autorité... Papale
100%
Durant lé période de l'Histoire et mouvement artistique de la... Renaissance
100%
Ville de décès Rome
100%
Siècle de naissance XVème
100%
Année où son adversaire a été excommunié 1521
75%
Participa au concile de... Latran
75%
Maître de l'ordre des ... entre 1518 et 1528 Prêcheurs
75%
Influencé par Saint Thomas d'Aquin
75%
Courant de ce dernier Thomisme
75%
Comme Saint-Thomas, il était, en économie, contre l' Usure
75%
Etait maître général de... l'ordre dominicain
25%
Proche du théologien... Johann Eck
0%
Aucun quiz correspondant
Distribution des résultats
% des personnes avec chaque résultat
Percentile par nombre de réponses
Votre historique - résultats
Vous n’avez pas pris ce quiz